000 01142cam a22003497a 4500
003 CHAP
005 20220817041728.0
008 971013s1976 r 00010 d
010 _a22784
011 _a23756
035 _a27853
040 _cCHAP
090 _aFolleto 3744
110 _aFAO. Comisión del Codex Alimentarius
_939482
245 0 _aMétodos FAO
_c/ OMS del Codex Alimentarius para el análisis de frutas y hortalizas congeladas rápidamente
260 _aRoma :
_bFAO,
_c1976
300 _a6 p.
410 2 _aFAO
490 0 _aPrograma conjunto FAO/OMS sobre normas alimentarias
590 _aBATCH-UPD
_b10
_c20130110
_lUCH01
_h1355
590 _aBATCH-UPD
_b10
_c20130410
_lUCH01
_h0850
590 _aBATCH-UPD
_b10
_c20130914
_lUCH01
_h1342
590 _aCONVERSION
_b10
_c20130109
_lUCH01
_h1313
650 1 4 _aFrutas congeladas
_xAnálisis.
_943676
650 1 4 _aLegumbres congeladas
_xAnálisis.
_965804
710 0 _aFAO.
810 0 _aFAO
830 0 _aPrograma conjunto FAO/OMS sobre normas alimentarias
_992254
901 _aBK
942 _cFOLL
949 _aFolleto 3744
_bBC
_cFAO
_d-64407
_eFAO1
_i27853
_mD
_si
999 _c22784
_d22784